| 000 | 00655cam a2200241 4500 | ||
|---|---|---|---|
| 001 | D15982 | ||
| 008 | 090401t1967 xxu||||| |||| 00| 0 eng d | ||
| 035 | _a(Sirsi) u26232 | ||
| 041 | _aeng | ||
| 050 | _a333.0076 | ||
| 090 | _aRICS 1967/22A | ||
| 110 | _aChartered Auctioneers` & Estate Agents` Institute | ||
| 245 | _aProspectus, regulations and syllabus of examinations. | ||
| 260 |
_aLondon _bCAEAI _c1967 |
||
| 300 | _a39p. ; 21cm. | ||
| 350 | _a0 | ||
| 520 | _aFiled in box 1967/22 A | ||
| 650 | _aEXAMINATIONS | ||
| 650 | _aRICS | ||
| 690 | _aMANAGEMENT-BUSINESS MANAGEMENT-PROFESSIONAL PRACTICE | ||
| 942 | _n0 | ||
| 948 | _c04/03/1997 | ||
| 999 |
_c88905 _d88905 |
||